[Event "RUS-ch Silent (Women)"]
[Site "Zelenograd"]
[Date "2022.04.18"]
[Round "13"]
[White "Gerasimova, Olga"]
[Black "Chanysheva, Svetlana"]
[Result "1-0"]
[WhiteElo "1881"]
[BlackElo "1467"]
[PlyCount "39"]
[EventDate "2022.04.09"]
[EventType "tourn"]
[EventRounds "13"]
[EventCountry "RUS"]
[SourceTitle "EXT 2023"]
[Source "ChessBase"]
[SourceDate "2022.10.05"]
[SourceVersion "1"]
[SourceVersionDate "2022.10.05"]
[SourceQuality "1"]

1. e4 c5 2. Nf3 e6 3. d4 cxd4 4. Nxd4 Nf6 5. Bd3 Be7 6. 0-0 0-0 7. e5 Nd5 8. c4 Nb4 9. Be2 N8c6 10. Nf3 Qc7 11. a3 Na6 12. Bf4 Rd8 13. Nc3 d6 14. Nb5 dxe5 15. Nxc7 Rxd1 16. Raxd1 Nxc7 17. Nxe5 Nxe5 18. Bxe5 Ne8 19. b4 b6 20. Bf3 1-0

[Event "RUS-ch Silent (Women)"]
[Site "Zelenograd"]
[Date "2022.04.12"]
[Round "5"]
[White "Gerasimova, Olga"]
[Black "Panina, Valeria"]
[Result "1/2-1/2"]
[WhiteElo "1881"]
[BlackElo "1788"]
[PlyCount "59"]
[EventDate "2022.04.09"]
[EventType "tourn"]
[EventRounds "13"]
[EventCountry "RUS"]
[SourceTitle "EXT 2023"]
[Source "ChessBase"]
[SourceDate "2022.10.05"]
[SourceVersion "1"]
[SourceVersionDate "2022.10.05"]
[SourceQuality "1"]

1. e4 c6 2. d4 d5 3. Nc3 dxe4 4. Nxe4 Bf5 5. Ng3 Bg6 6. N1e2 Nf6 7. h4 h6 8. Nf4 Bh7 9. Bc4 e6 10. c3 Bd6 11. 0-0 Nbd7 12. Bxe6 fxe6 13. Nxe6 Qa5 14. Nxg7+ Kf7 15. Bxh6 Bg6 16. Qb3+ Qd5 17. c4 Qxd4 18. Rad1 Qc5 19. Be3 Qb4 20. N7f5 Bc5 21. Qxb4 Bxb4 22. a3 Bf8 23. Rd2 Ne5 24. b3 Bxa3 25. Ra2 Bb4 26. Rxa7 Rxa7 27. Bxa7 Bxf5 28. Nxf5 Kg6 29. Ne3 Rxh4 30. Bb8 1/2-1/2

[Event "RUS-ch Silent (Women)"]
[Site "Zelenograd"]
[Date "2022.04.11"]
[Round "3"]
[White "Gerasimova, Olga"]
[Black "Lukina, Tatiana"]
[Result "1-0"]
[WhiteElo "1881"]
[BlackElo "1571"]
[PlyCount "109"]
[EventDate "2022.04.09"]
[EventType "tourn"]
[EventRounds "13"]
[EventCountry "RUS"]
[SourceTitle "EXT 2023"]
[Source "ChessBase"]
[SourceDate "2022.10.05"]
[SourceVersion "1"]
[SourceVersionDate "2022.10.05"]
[SourceQuality "1"]

1. e4 e5 2. Nf3 Nc6 3. d4 exd4 4. Nxd4 Nf6 5. Nxc6 bxc6 6. Bd3 d6 7. 0-0 Be7 8. h3 h6 9. f4 0-0 10. Nc3 Nd7 11. Be3 Bf6 12. Qd2 Qe7 13. Rae1 Bb7 14. Kh2 g5 15. g3 Kg7 16. Ne2 c5 17. Nc3 c6 18. Ne2 Rh8 19. c3 Rag8 20. Rd1 Nb6 21. b3 Bc8 22. Bc2 Rd8 23. Qe1 Qd7 24. Ng1 Qe7 25. Nf3 Qd7 26. f5 Qe7 27. c4 Nd7 28. Bd2 Rdg8 29. Ba5 g4 30. hxg4 Ne5 31. Nxe5 dxe5 32. Qd2 Kh7 33. Qd6 Rxg4 34. Qxe7 Bxe7 35. f6 Bf8 36. Bc7 Rg5 37. Bd8 Rh5+ 38. Kg1 Rg5 39. Kf2 Rhg8 40. Rg1 h5 41. Rd3 h4 42. Rh1 h3 43. Re3 Kh6 44. Bd1 Bd6 45. Ba5 R5g6 46. Rf3 Bg4 47. Bd2+ Kh7 48. Rd3 Rxf6+ 49. Ke1 Rfg6 50. Bxg4 Rxg4 51. Rxh3+ Kg7 52. Rxd6 Rxe4+ 53. Kf2 Rd4 54. Bh6+ Kh7 55. Bf8+ 1-0

[Event "RUS-ch Silent (Women)"]
[Site "Zelenograd"]
[Date "2020.10.03"]
[Round "1"]
[White "Kudriavtseva, Natalia"]
[Black "Gerasimova, Olga"]
[Result "1-0"]
[WhiteElo "1819"]
[BlackElo "1870"]
[PlyCount "91"]
[EventDate "2020.10.03"]
[EventType "tourn"]
[EventRounds "9"]
[EventCountry "RUS"]
[SourceTitle "EXT 2022"]
[Source "ChessBase"]
[SourceDate "2021.10.06"]
[SourceVersion "1"]
[SourceVersionDate "2021.10.06"]
[SourceQuality "1"]

1. e4 d6 2. d4 c6 3. Nf3 Nf6 4. Nc3 Nbd7 5. Bd3 e5 6. dxe5 dxe5 7. 0-0 Be7 8. h3 0-0 9. Be3 Qc7 10. Nh2 Bc5 11. Qe2 Bxe3 12. Qxe3 Qb6 13. Qxb6 axb6 14. Nf3 b5 15. a3 Re8 16. b4 Nb6 17. Rfd1 h6 18. Be2 Nfd7 19. Nd2 Nf8 20. Nb3 Ne6 21. Rd6 Rd8 22. Nxb5 Na4 23. Rxd8+ Nxd8 24. Nd6 Be6 25. Bc4 Bxc4 26. Nxc4 f6 27. f3 Ne6 28. Rd1 Rd8 29. Rxd8+ Nxd8 30. Nd6 Nc3 31. Kf2 Nb1 32. a4 Nc3 33. a5 Na2 34. Nxb7 Ne6 35. N3c5 Nc7 36. Nd3 Na6 37. Nbc5 Nc7 38. c4 Nc3 39. Ke3 Nb1 40. Nb2 g6 41. Nba4 Na3 42. Kd3 f5 43. Nb6 Kf7 44. a6 f4 45. a7 Kf6 46. Na6 1-0

[Event "Eurasia Cup op"]
[Site "Ekaterinburg"]
[Date "2019.08.05"]
[Round "5"]
[White "Gerasimova, Olga"]
[Black "Hamitevici, Vladimir"]
[Result "0-1"]
[WhiteElo "1917"]
[BlackElo "2480"]
[PlyCount "72"]
[EventDate "2019.07.31"]
[EventType "swiss"]
[EventRounds "9"]
[EventCountry "RUS"]
[SourceTitle "CBM 191 Extra"]
[Source "ChessBase"]
[SourceDate "2019.09.30"]
[SourceVersion "1"]
[SourceVersionDate "2019.09.30"]
[SourceQuality "1"]

1. e4 g6 2. d4 Bg7 3. Nf3 d6 4. h3 c6 5. a4 a5 6. Nc3 Nf6 7. Be2 0-0 8. 0-0 Na6 9. Be3 Nb4 10. Qd2 Qc7 11. Rac1 Re8 12. Nh2 e5 13. f4 exd4 14. Bxd4 Nxe4 15. Nxe4 Rxe4 16. Bxg7 Kxg7 17. f5 Bxf5 18. Rxf5 gxf5 19. Qg5+ Kf8 20. Qh6+ Ke7 21. Bh5 Qb6+ 22. Kh1 Qe3 23. Qxe3 Rxe3 24. Nf1 Re5 25. Nd2 f4 26. Bg4 h5 27. Bf3 d5 28. Nb3 Kd6 29. Nd4 Rae8 30. Kh2 h4 31. c3 Nd3 32. Rd1 Nf2 33. Rf1 Ne4 34. Bg4 Ng3 35. Rxf4 Re1 36. Nf5+ Ke5 0-1

[Event "RUS-ch Silent (Women)"]
[Site "Zelenograd"]
[Date "2019.04.11"]
[Round "9"]
[White "Kudriavtseva, Natalia"]
[Black "Gerasimova, Olga"]
[Result "1/2-1/2"]
[WhiteElo "1916"]
[BlackElo "1938"]
[PlyCount "143"]
[EventDate "2019.04.03"]
[EventType "tourn"]
[EventRounds "11"]
[EventCountry "RUS"]
[SourceTitle "CBM 190 Extra"]
[Source "ChessBase"]
[SourceDate "2019.07.15"]
[SourceVersion "1"]
[SourceVersionDate "2019.07.15"]
[SourceQuality "1"]

1. e4 c5 2. Nf3 a6 3. d4 cxd4 4. Nxd4 Nf6 5. Nc3 e5 6. Nb3 Bb4 7. Bd3 d5 8. Bd2 Bxc3 9. Bxc3 dxe4 10. Be2 Qxd1+ 11. Rxd1 Nc6 12. 0-0 0-0 13. Nc5 b6 14. Rd6 bxc5 15. Rxc6 Nd7 16. Rd1 Re8 17. Rc7 Nf8 18. Rxc5 f6 19. Rd6 Be6 20. Rcc6 a5 21. a3 a4 22. Bb5 Kf7 23. Rc7+ Re7 24. Rxe7+ Kxe7 25. Bb4 Kf7 26. c4 Rc8 27. c5 Bb3 28. c6 Ne6 29. Ba6 Rc7 30. Bb7 Bc4 31. Ba5 Re7 32. Bc8 Nc7 33. Bd7 Nb5 34. Rd2 Be6 35. Bb4 Bxd7 36. Bxe7 Bxc6 37. Bc5 Ke6 38. Kf1 Bd5 39. Ke2 f5 40. g3 f4 41. gxf4 exf4 42. h4 Bc4+ 43. Ke1 Bd5 44. Bf8 g6 45. Bg7 Nd6 46. Rd4 Nf5 47. Rxa4 Nxg7 48. Ra7 Kf6 49. Rd7 Be6 50. Rd8 Nf5 51. Rh8 h5 52. b4 Nxh4 53. b5 Nf3+ 54. Kd1 Bb3+ 55. Kc1 e3 56. fxe3 fxe3 57. Re8 Be6 58. Kd1 e2+ 59. Kxe2 Nd4+ 60. Kf2 Nxb5 61. a4 Nc7 62. Rd8 Ke7 63. Rd2 Na6 64. Kg3 Nc5 65. Rd4 Nb3 66. Rb4 Kd6 67. Rb6+ Kd7 68. Kh4 Na5 69. Kg5 Bf5 70. Rb5 Nc6 71. Rxf5 gxf5 72. Kxf5 1/2-1/2

[Event "RUS-ch Silent (Women)"]
[Site "Zelenograd"]
[Date "2019.04.08"]
[Round "6"]
[White "Gerasimova, Olga"]
[Black "Lukina, Tatiana"]
[Result "1-0"]
[WhiteElo "1938"]
[BlackElo "1624"]
[PlyCount "67"]
[EventDate "2019.04.03"]
[EventType "tourn"]
[EventRounds "11"]
[EventCountry "RUS"]
[SourceTitle "CBM 190 Extra"]
[Source "ChessBase"]
[SourceDate "2019.07.15"]
[SourceVersion "1"]
[SourceVersionDate "2019.07.15"]
[SourceQuality "1"]

1. e4 e5 2. Nf3 Nc6 3. d4 exd4 4. Nxd4 Nf6 5. Nxc6 bxc6 6. Bd3 Bc5 7. 0-0 d6 8. Bg5 0-0 9. Qf3 Bd7 10. c3 a5 11. Nd2 Re8 12. Kh1 Re5 13. Qg3 Rxg5 14. Qxg5 Ng4 15. Qxd8+ Rxd8 16. Kg1 Ne3 17. fxe3 Bxe3+ 18. Rf2 Re8 19. Kf1 d5 20. Re2 d4 21. Nf3 c5 22. Rae1 f5 23. exf5 h6 24. cxd4 cxd4 25. Nxd4 Bxd4 26. Rxe8+ Bxe8 27. Rxe8+ Kf7 28. Rd8 c5 29. b3 Kf6 30. Ke2 h5 31. Kf3 Kg5 32. Rd6 h4 33. Rg6+ Kh5 34. Kf4 1-0

[Event "RUS-ch Silent (Women)"]
[Site "Zelenograd"]
[Date "2018.10.31"]
[Round "8"]
[White "Gerasimova, Olga"]
[Black "Lukina, Tatiana"]
[Result "1-0"]
[WhiteElo "2010"]
[BlackElo "1608"]
[PlyCount "67"]
[EventDate "2018.10.25"]
[EventType "tourn"]
[EventRounds "11"]
[EventCountry "RUS"]
[SourceTitle "EXT 2020"]
[Source "ChessBase"]
[SourceDate "2019.10.17"]
[SourceVersion "1"]
[SourceVersionDate "2019.10.17"]
[SourceQuality "1"]

1. c4 Nf6 2. Nf3 e6 3. g3 c6 4. Bg2 d5 5. b3 g6 6. Bb2 Bg7 7. Qc2 0-0 8. 0-0 Nbd7 9. d3 b6 10. Nbd2 Bb7 11. Rad1 Rc8 12. h3 Qc7 13. Rc1 Rfe8 14. Rfe1 Qb8 15. e4 Bh6 16. e5 Nh5 17. Rcd1 Bf8 18. Nf1 Bh6 19. N1h2 c5 20. Ng4 Bf8 21. Bc1 d4 22. Qe2 Qc7 23. Nh6+ Bxh6 24. Bxh6 Ng7 25. g4 f6 26. exf6 Nxf6 27. Qe5 Qd8 28. Bxg7 Kxg7 29. g5 Rf8 30. gxf6+ Rxf6 31. Ng5 Qd7 32. Nxe6+ Kf7 33. Ng5+ Kg7 34. Qe7+ 1-0

[Event "RUS-ch Silent (Women)"]
[Site "Zelenograd"]
[Date "2018.10.28"]
[Round "4"]
[White "Panina, Valeria"]
[Black "Gerasimova, Olga"]
[Result "1-0"]
[WhiteElo "1743"]
[BlackElo "2010"]
[PlyCount "59"]
[EventDate "2018.10.25"]
[EventType "tourn"]
[EventRounds "11"]
[EventCountry "RUS"]
[SourceTitle "EXT 2020"]
[Source "ChessBase"]
[SourceDate "2019.10.17"]
[SourceVersion "1"]
[SourceVersionDate "2019.10.17"]
[SourceQuality "1"]

1. e4 c5 2. Nc3 g6 3. g3 Nc6 4. Bg2 Bg7 5. d3 e6 6. Be3 Nd4 7. Nge2 Ne7 8. 0-0 Nec6 9. Qd2 0-0 10. a3 d6 11. Rab1 Qa5 12. h3 Rb8 13. Qc1 b5 14. b4 Nxe2+ 15. Nxe2 cxb4 16. axb4 Qc7 17. Bh6 Bxh6 18. Qxh6 Bb7 19. g4 f6 20. f4 Nxb4 21. f5 exf5 22. gxf5 g5 23. Ng3 a5 24. Nh5 Qe7 25. h4 gxh4 26. Rf4 Rf7 27. Rxh4 Qf8 28. Nxf6+ Kh8 29. Qxh7+ Rxh7 30. Rxh7# 1-0

[Event "RUS-ch Silent (Women)"]
[Site "Zelenograd"]
[Date "2018.10.27"]
[Round "3"]
[White "Gerasimova, Olga"]
[Black "Kudriavtseva, Natalia"]
[Result "1-0"]
[WhiteElo "2010"]
[BlackElo "1975"]
[PlyCount "81"]
[EventDate "2018.10.25"]
[EventType "tourn"]
[EventRounds "11"]
[EventCountry "RUS"]
[SourceTitle "EXT 2020"]
[Source "ChessBase"]
[SourceDate "2019.10.17"]
[SourceVersion "1"]
[SourceVersionDate "2019.10.17"]
[SourceQuality "1"]

1. c4 d5 2. Nf3 dxc4 3. Qa4+ Nc6 4. Qxc4 Nf6 5. g3 Be6 6. Qa4 Qd7 7. h4 Ne5 8. Qxd7+ Nexd7 9. Nc3 c6 10. Ng5 Bc4 11. d3 Ba6 12. Bg2 e5 13. Bd2 Bc5 14. a3 Ng4 15. 0-0 h6 16. Nge4 Be7 17. f3 Ngf6 18. b4 0-0 19. Rfb1 Nh5 20. Kh2 f5 21. Nf2 f4 22. Nfe4 fxg3+ 23. Nxg3 Nf4 24. Nge4 Bxh4 25. a4 b6 26. b5 cxb5 27. axb5 Bb7 28. Nd6 Nc5 29. Bxf4 Rxf4 30. e3 Rf6 31. Nxb7 Nxb7 32. f4 Rb8 33. Rxa7 Nc5 34. Nd5 Rd6 35. fxe5 Rg6 36. d4 Nd3 37. Be4 Bg3+ 38. Kg2 Rg5 39. Bxd3 Rf8 40. Ne7+ Kf7 41. Nf5+ 1-0

[Event "RUS-ch Silent (Women)"]
[Site "Zelenograd"]
[Date "2015.06.09"]
[Round "11"]
[White "Gerasimova, Olga"]
[Black "Zhaferova, Flura"]
[Result "1-0"]
[WhiteElo "2049"]
[BlackElo "1658"]
[PlyCount "31"]
[EventDate "2015.06.02"]
[EventType "tourn"]
[EventRounds "13"]
[EventCountry "RUS"]
[SourceTitle "EXT 2018"]
[Source "ChessBase"]
[SourceDate "2017.10.13"]
[SourceVersion "1"]
[SourceVersionDate "2017.10.13"]
[SourceQuality "1"]

1. e4 c6 2. d4 e6 3. Be3 d5 4. e5 b6 5. a3 c5 6. c3 c4 7. Ne2 Nh6 8. Ng3 g6 9. Be2 Bg7 10. Qd2 Nf5 11. Nxf5 exf5 12. Bh6 0-0 13. h4 Nc6 14. h5 Ne7 15. hxg6 Nxg6 16. Bxg7 1-0

[Event "RUS-ch Silent (Women)"]
[Site "Zelenograd"]
[Date "2015.06.06"]
[Round "7"]
[White "Gerasimova, Olga"]
[Black "Lukina, Tatiana"]
[Result "1-0"]
[WhiteElo "2049"]
[BlackElo "1685"]
[PlyCount "124"]
[EventDate "2015.06.02"]
[EventType "tourn"]
[EventRounds "13"]
[EventCountry "RUS"]
[SourceTitle "EXT 2018"]
[Source "ChessBase"]
[SourceDate "2017.10.13"]
[SourceVersion "1"]
[SourceVersionDate "2017.10.13"]
[SourceQuality "1"]

1. e4 e5 2. Nf3 Nc6 3. Bb5 a6 4. Ba4 Bc5 5. 0-0 Nf6 6. d3 d6 7. c3 b5 8. Bc2 Bg4 9. b4 Ba7 10. a4 0-0 11. Re1 Qc8 12. Be3 Bxe3 13. Rxe3 h6 14. Bb3 Qd7 15. Qd2 Ne7 16. Ne1 d5 17. exd5 Qd6 18. Nc2 Nexd5 19. Re1 Nf4 20. f3 Bf5 21. d4 e4 22. Ne3 Bg6 23. c4 exf3 24. c5 Qd7 25. gxf3 Qh3 26. Ng2 Nxg2 27. Qxg2 Qh4 28. Qf2 Qh5 29. Re5 Qh3 30. Nd2 Kh7 31. Rae1 Nh5 32. Qg2 Qd7 33. d5 Nf4 34. Qg3 Nd3 35. Re7 Qf5 36. R1e5 Nxe5 37. Qxe5 Qd3 38. Qe2 Qd4+ 39. Qf2 Qxb4 40. f4 bxa4 41. Bd1 Rad8 42. f5 Rxd5 43. fxg6+ fxg6 44. Qxf8 Qd4+ 45. Qf2 Qxd2 46. Qxd2 Rxd2 47. Bxa4 Ra2 48. Bb3 Ra1+ 49. Kf2 a5 50. Rxc7 a4 51. Bd5 Rd1 52. Rd7 Rd2+ 53. Kg3 Rc2 54. c6 a3 55. Ra7 Rc3+ 56. Kg4 Rc5 57. c7 h5+ 58. Kf4 g5+ 59. Ke4 Kh6 60. Be6 Rc6 61. c8Q Rxc8 62. Bxc8 h4 1-0

[Event "RUS-ch Silent (Women)"]
[Site "Zelenograd"]
[Date "2015.06.05"]
[Round "5"]
[White "Gerasimova, Olga"]
[Black "Trifonova, Irina"]
[Result "1-0"]
[WhiteElo "2049"]
[BlackElo "1462"]
[PlyCount "41"]
[EventDate "2015.06.02"]
[EventType "tourn"]
[EventRounds "13"]
[EventCountry "RUS"]
[SourceTitle "EXT 2018"]
[Source "ChessBase"]
[SourceDate "2017.10.13"]
[SourceVersion "1"]
[SourceVersionDate "2017.10.13"]
[SourceQuality "1"]

1. e4 e5 2. Nf3 d6 3. d4 Bg4 4. dxe5 dxe5 5. Qxd8+ Kxd8 6. Nxe5 Be6 7. Be3 Bd6 8. Nd3 Ne7 9. e5 Bxe5 10. Nxe5 f6 11. Nf3 Nd7 12. Nd4 Bf7 13. Nc3 a6 14. 0-0-0 b5 15. Be2 h5 16. Bf3 Rb8 17. Nc6+ Nxc6 18. Bxc6 Be6 19. Rhe1 Ke7 20. Bxd7 Bxd7 21. Ba7+ 1-0

[Event "RUS-ch Silent (Women)"]
[Site "Zelenograd"]
[Date "2014.09.24"]
[Round "8"]
[White "Trifonova, Irina"]
[Black "Gerasimova, Olga"]
[Result "0-1"]
[WhiteElo "1597"]
[BlackElo "2028"]
[PlyCount "56"]
[EventDate "2014.09.18"]
[EventType "tourn"]
[EventRounds "11"]
[EventCountry "RUS"]
[SourceTitle "EXT 2023"]
[Source "ChessBase"]
[SourceDate "2022.10.05"]
[SourceVersion "1"]
[SourceVersionDate "2022.10.05"]
[SourceQuality "1"]

1. d4 Nf6 2. Nf3 g6 3. Nc3 d5 4. Bf4 a6 5. h3 Bg7 6. Qd2 Nbd7 7. Bh6 0-0 8. Bxg7 Kxg7 9. Ne5 c6 10. e3 Qc7 11. f4 b5 12. a3 Nb6 13. b3 a5 14. Bd3 Bd7 15. Qf2 b4 16. Ne2 bxa3 17. Qh4 Qd6 18. 0-0 c5 19. Ng3 c4 20. Nf5+ Bxf5 21. Bxf5 Ne4 22. Bxe4 dxe4 23. bxc4 Qf6 24. Qxf6+ exf6 25. c5 fxe5 26. cxb6 exd4 27. Rxa3 dxe3 28. Re1 Rfb8 0-1

[Event "RUS-ch Silent (Women)"]
[Site "Zelenograd"]
[Date "2014.09.23"]
[Round "7"]
[White "Gerasimova, Olga"]
[Black "Kudriavtseva, Natalia"]
[Result "1-0"]
[WhiteElo "2028"]
[BlackElo "2103"]
[PlyCount "145"]
[EventDate "2014.09.18"]
[EventType "tourn"]
[EventRounds "11"]
[EventCountry "RUS"]
[SourceTitle "EXT 2023"]
[Source "ChessBase"]
[SourceDate "2022.10.05"]
[SourceVersion "1"]
[SourceVersionDate "2022.10.05"]
[SourceQuality "1"]

1. e4 e5 2. Nf3 Nc6 3. Bb5 a6 4. Ba4 Nf6 5. 0-0 b5 6. Bb3 Bc5 7. c3 d6 8. d4 Bb6 9. h3 0-0 10. Re1 h6 11. a4 bxa4 12. Bxa4 Bb7 13. Na3 Ne7 14. Bc2 Ng6 15. Nc4 exd4 16. Nxb6 cxb6 17. Nxd4 Re8 18. f3 d5 19. exd5 Rxe1+ 20. Qxe1 Qxd5 21. Bxg6 fxg6 22. Qe6+ Qxe6 23. Nxe6 Re8 24. Nd4 Re1+ 25. Kf2 Rd1 26. Nc2 Nd7 27. Be3 Rxa1 28. Nxa1 b5 29. Nb3 Ne5 30. Nc5 Bc8 31. Bd4 Nc4 32. b3 Nd6 33. Be5 Nf5 34. g4 Ne7 35. Ke3 g5 36. Kd4 Kf7 37. Bc7 Ng6 38. Ne4 Ke6 39. Bg3 Ne7 40. Nc5+ Kf7 41. Ke5 Nc6+ 42. Kd6 Ne7 43. Kc7 Be6 44. Kd6 Bc8 45. Be5 Ng6 46. Bg3 Ne7 47. b4 h5 48. Ne4 hxg4 49. hxg4 Bb7 50. Nxg5+ Kg6 51. Ne4 Ng8 52. Be5 Nh6 53. Bf4 Nxg4 54. Nc5 Bxf3 55. Nxa6 Nf6 56. Be5 Ne4+ 57. Kc7 Kf7 58. Kb6 Be2 59. Nc7 Nd2 60. Bf4 Ne4 61. Be5 Nd2 62. Bd4 Nf3 63. Nxb5 Bxb5 64. Kxb5 g5 65. Bf2 Ke7 66. Bg3 Nd2 67. Kc6 Ne4 68. Be1 g4 69. b5 Kd8 70. b6 Kc8 71. c4 g3 72. b7+ Kb8 73. Ba5 1-0

[Event "RUS-ch Silent (Women)"]
[Site "Zelenograd"]
[Date "2014.09.22"]
[Round "5"]
[White "Gerasimova, Olga"]
[Black "Lagutina, Olga"]
[Result "0-1"]
[WhiteElo "2028"]
[BlackElo "1878"]
[PlyCount "152"]
[EventDate "2014.09.18"]
[EventType "tourn"]
[EventRounds "11"]
[EventCountry "RUS"]
[SourceTitle "EXT 2023"]
[Source "ChessBase"]
[SourceDate "2022.10.05"]
[SourceVersion "1"]
[SourceVersionDate "2022.10.05"]
[SourceQuality "1"]

1. e4 c5 2. Nc3 Nc6 3. g3 g6 4. Bg2 Bg7 5. d3 e6 6. Be3 d6 7. Qd2 Qa5 8. Nge2 Nge7 9. Bh6 Bf6 10. 0-0 Nd4 11. Nc1 Nec6 12. Nb3 Qc7 13. Rae1 Bd7 14. Nxd4 Nxd4 15. Nd1 Rg8 16. c3 Nc6 17. f4 0-0-0 18. Ne3 Bh8 19. Rc1 Kb8 20. Kh1 Bg7 21. Bxg7 Rxg7 22. d4 cxd4 23. cxd4 Qa5 24. Qc3 Qxc3 25. bxc3 Ne7 26. Rb1 Bc8 27. Rb2 f6 28. Rfb1 e5 29. Nc4 exd4 30. cxd4 Ka8 31. Na5 Ng8 32. e5 Rdd7 33. e6 Rc7 34. d5 Ne7 35. Nb3 Nf5 36. Be4 Ne3 37. Re2 Ng4 38. Bg2 Rge7 39. Nd4 a6 40. h3 Nh6 41. Kh2 Ng8 42. Rc2 Rxc2 43. Nxc2 Rc7 44. Rb2 Ne7 45. Ne3 b5 46. Ng4 Ng8 47. Ne3 Ka7 48. Nc2 Bb7 49. Nb4 Ne7 50. Rd2 a5 51. Nc6+ Nxc6 52. dxc6 Bxc6 53. Rxd6 Be8 54. Rd8 Re7 55. Ra8+ Kb6 56. g4 Rxe6 57. Rb8+ Kc5 58. Rc8+ Kb4 59. Rc7 Re2 60. Kg3 Ka3 61. Bd5 b4 62. Rxh7 a4 63. Ra7 Rxa2 64. Re7 Bb5 65. Re3+ b3 66. h4 Rd2 67. Be4 Re2 68. Rxe2 Bxe2 69. Bxg6 Bd1 70. h5 Bc2 71. g5 fxg5 72. fxg5 Kb4 73. Bf7 b2 74. Ba2 Ka3 75. g6 Kxa2 76. g7 Bh7 0-1

[Event "RUS-ch Silent (Women)"]
[Site "Zelenograd"]
[Date "2014.09.20"]
[Round "4"]
[White "Malina, Olga"]
[Black "Gerasimova, Olga"]
[Result "0-1"]
[WhiteElo "1776"]
[BlackElo "2028"]
[PlyCount "78"]
[EventDate "2014.09.18"]
[EventType "tourn"]
[EventRounds "11"]
[EventCountry "RUS"]
[SourceTitle "EXT 2023"]
[Source "ChessBase"]
[SourceDate "2022.10.05"]
[SourceVersion "1"]
[SourceVersionDate "2022.10.05"]
[SourceQuality "1"]

1. e4 c5 2. Nf3 Nc6 3. c3 d5 4. exd5 Qxd5 5. Be2 g6 6. 0-0 Bg7 7. d3 Nf6 8. Be3 0-0 9. d4 Ng4 10. Nbd2 Nxe3 11. fxe3 Qe6 12. Nc4 Qd5 13. Nfd2 cxd4 14. Bf3 Qd7 15. Bxc6 Qxc6 16. exd4 Be6 17. Qe2 Rac8 18. Ne5 Qb6 19. Nd3 Rcd8 20. Nf3 Bc4 21. Rfd1 Qa6 22. b3 Be6 23. Nf4 Qxe2 24. Nxe2 Bh6 25. Kf2 b5 26. g3 Rc8 27. d5 Bg4 28. Rd4 Bf5 29. Nd2 Bg7 30. c4 Bxd4+ 31. Nxd4 bxc4 32. bxc4 Rfd8 33. Ke3 Bd7 34. Rc1 Ba4 35. Rc3 Rxd5 36. Ra3 Ra5 37. N2b3 Ra6 38. Kd3 Bxb3 39. Rxa6 Bxc4+ 0-1